Termini matematici - Statistics

Statistiche generali
  • Questo quiz è stato fatto 74 volte
  • Il punteggio medio è 7 su 20
Statistiche sulle risposte
Hint Risposta % Corretto
Limite del rapporto incrementale Derivata
80%
Funzione per cui in ogni punto x del dominio esistono i limiti destro e sinistro in quel punto e sono uguali a f(x) Continua
65%
Funzione che trasforma ogni elemento del suo dominio nell'elemento stesso Funzione identica / Identità
60%
Radice della somma in quadratura delle componenti di un vettore Norma
54%
Vettore delle derivate parziali Gradiente
51%
Insieme dei vettori di un'applicazione la cui immagine è il vettore nullo Ker
46%
Un intorno multidimensionale Palla
40%
Forma bilineare simmetrica per eccellenza Prodotto scalare
35%
Funzione reale che associa 1 a tutti i valori razionali e 0 a tutti i valori irrazionali del suo dominio Funzione di Dirichlet
34%
Numero di Nepero elevato alla i per Pi Greco, più uno uguale a zero Identità di Eulero
31%
Applicazione biiettiva f tra due insiemi dotati di strutture della stessa specie tale che sia f sia la sua inversa f −1 siano omomorfismi Isomorfismo
31%
Polinomio che approssima una funzione f nel punto (0, f(0)) Polinomio di McLaurin
28%
Formula per calcolare il numero dei possibili sottoinsiemi di k elementi estraibili da un insieme di n elementi Coefficiente binomiale
25%
Fisico russo che ha introdotto le notazioni di o piccolo, o grande e asintotico Lev Landau
23%
Struttura algebrica composta da R^4 (prodotto cartesiano) su cui sono definite alcune operazioni Quaternioni
22%
Assunzioni su cui si basa la matematica moderna Assiomi di Peano
20%
Processo consistente nel limitare l'escursione di un insieme di valori entro un certo intervallo predefinito, tipicamente tra 0 e 1 Normalizzazione
15%
Allontanamento dalla normalità distributiva, ovvero l'importanza delle code in una distribuzione statistica Curtosi
14%
Oggetto geometrico dotato di omotetia interna Frattale
6%
Limite (quando esiste) della media aritmetica delle somme parziali di una successione Somma di Cesaro
5%
Nessun quiz corrispondente trovato
Distribuzione punteggi
Percentuale di utenti per punteggio
Percentile per numero di risposta
I tuoi punteggi nel tempo
Non hai fatto questo quiz